000 00281nam a2200109Ia 4500
008 200302s9999 xx 000 0 und d
100 _aDr. Manjari Chakraborty
245 _aDesigning btter Architecture education
260 _bCopal Publishing Group
260 _c2015
300 _a287
999 _c6307
_d6307